1095 1605 1276 1534 1534 1018 1033 1112 1918 1740 1976 1778 1130 1708 1790 1614 1000 1524 1920 1859 1903 1909 1059 1364 1899 1082 1275 1710 1789 1459 1784 1464 1292 1059 1046 1666 1797 1885 1595 1832 1352 1368 1775 1033 1496 1141 1566 1062 1594 1070 1040 1590 1310 1692 1724 1398 1438 1705 1844 1776 1231 1619 1523 1656 1803 1758 1462 1680 1823 1678 1897 1623 1843 1547 1065 1026 1239 1093 1326 1879 1476 1973 1984 1711 1025 1352 1465 1257 1301 1994 1127 1663 1664 1129 1506 1120 1644 1921 1746 BCNSPRNW ULIB Ver.6.0+V

เปลี่ยนเป็นภาษาไทย

Change to English
 แสดงรายละเอียดบรรณานุกรม
  กลับหน้าหลัก

Brief Record : Get Marc (ISO 2709) : E-mail record : QR code < ปิดหน้าต่าง
LEADER : 00000nam 2200000uu 4500
001    13399113622
003     ULIB
008    111201s2553||||th 000 0 tha d
020    ^a9786165000529
090    ^aนว.^bพ941ป 2553
100 0  ^aแพรณัฐ
245 00 ^aเปลวไฟในสายลม/^cแพรณัฐ
250    ^aพิมพ์ครั้งที่ 2
260    ^aกรุงเทพฯ :^bพิมพ์คำ,^c2553
300    ^a400 หน้า
710 1  ^aพิมพ์คำ
945    ^p260^l0^i17048
995    ^aกัณชพร
999    ^aใช้งานได้ทุกระบบ
รายการนี้ยังไม่มีแท็ก
คุณยังไม่ได้ล็อกอิน คุณสามารถมีกิจกรรมร่วมกับเว็บไซต์ได้ แต่ต้องล็อกอินก่อน ::
  ล็อกอิน

รายการสื่อสารสนเทศ

ลำดับที่ ประเภท เลขเรียก/บาร์โค้ด สถานที่ สถานะ
1. นวนิยาย
นวนิยาย
นว. พ941ป 2553 ฉ.1 
  Barcode: 17048
ห้องสมุดวิทยาเขตสวรรค์ประชารักษ์
►นวนิยาย
บนชั้น
  ขอยืม

รายการใกล้เคียง
    ผู้แต่ง [แพรณัฐ]

BibComment


ยังไม่เคยถูกคอมเมนท์

คอมเมนท์ทรัพยากรรายการนี้
  คอมเมนท์: เปลวไฟในสายลม แพ..


 Copyright 2026. Bcnsprnw @Library